[Event "VIII Festival A"]
[Site "Robecchetto con Induno ITA"]
[Date "1996.06.??"]
[Round "6"]
[White "Loncar, Robert"]
[Black "Ranieri, Fabrizio"]
[Result "1-0"]
[WhiteElo "2455"]
[BlackElo "1924"]
[PlyCount "61"]
[EventDate "1996.06.24"]

1. d4 e6 2. Nf3 Be7 3. c4 d5 4. Nc3 Nf6 5. Bf4 c6 6. e3 O-O 7. Qc2 Nbd7 8. Be2
Re8 9. h3 Nf8 10. O-O Ng6 11. Bh2 Bd6 12. Bxd6 Qxd6 13. c5 Qc7 14. Bd3 Nf8 15.
Ne5 Ng6 16. f4 Nd7 17. b4 a6 18. a4 f5 19. Nxg6 hxg6 20. b5 axb5 21. axb5 Rxa1
22. Rxa1 Nf6 23. Ra7 Re7 24. Qa4 Kf7 25. bxc6 Qxc6 26. Qa5 Ne8 27. Bb5 Qc7 28.
Bxe8+ Kxe8 29. Qxc7 Rxc7 30. Kf2 Kd7 31. Kg3 1-0

[Event "VIII Festival A"]
[Site "Robecchetto con Induno ITA"]
[Date "1996.06.??"]
[Round "6"]
[White "Mantovani, Renzo"]
[Black "Mrdja, Milan"]
[Result "0-1"]
[WhiteElo "2365"]
[BlackElo "2450"]
[PlyCount "59"]
[EventDate "1996.06.24"]

1. Nf3 Nf6 2. d4 g6 3. Bg5 Bg7 4. Nbd2 d5 5. Bxf6 Bxf6 6. e4 dxe4 7. Nxe4 Bg7
8. c3 O-O 9. Bc4 Nd7 10. O-O c6 11. Re1 e6 12. a4 a5 13. Qd2 Nb6 14. Bf1 Nd5
15. Nc5 b6 16. Nd3 Qc7 17. g3 Bb7 18. Bg2 Rfd8 19. c4 Ne7 20. Nde5 Nf5 21. Qf4
Rac8 22. g4 g5 23. Qxg5 Nxd4 24. Nxd4 Rxd4 25. c5 f6 26. cxb6 Qxb6 27. Qh5 fxe5
28. Be4 Rxe4 29. Rxe4 c5 30. Re3 0-1

[Event "VIII Festival A"]
[Site "Robecchetto con Induno ITA"]
[Date "1996.06.??"]
[Round "6"]
[White "Nurkic, Sahbaz"]
[Black "Tortarolo, Massimiliano"]
[Result "1-0"]
[WhiteElo "2365"]
[BlackElo "2235"]
[PlyCount "63"]
[EventDate "1996.06.24"]

1. e4 c6 2. d4 d5 3. e5 Bf5 4. Nc3 e6 5. g4 Bg6 6. Nge2 c5 7. h4 h5 8. Nf4 Nc6
9. Nxg6 fxg6 10. Be3 cxd4 11. Bxd4 hxg4 12. Qxg4 Nxd4 13. Qxd4 Nh6 14. O-O-O
Qb6 15. Bb5+ Kf7 16. Qf4+ Nf5 17. Bd3 Rh5 18. Be2 Qb4 19. Qxb4 Bxb4 20. Bxh5
gxh5 21. Nb5 Bc5 22. Rh3 Bxf2 23. Nd6+ Nxd6 24. exd6 Bc5 25. Rf1+ Kg8 26. Re1
Bxd6 27. Rxe6 Rd8 28. Rf3 Rd7 29. Rf5 Be7 30. Rxh5 Bf6 31. Rf5 Bxh4 32. Re8+
1-0

[Event "VIII Festival A"]
[Site "Robecchetto con Induno ITA"]
[Date "1996.06.??"]
[Round "6"]
[White "Schreiber, Edwin"]
[Black "Carbone, Lorenzo"]
[Result "1-0"]
[WhiteElo "1934"]
[BlackElo "1692"]
[PlyCount "50"]
[EventDate "1996.06.24"]

1. e4 c5 2. Nf3 d6 3. d4 cxd4 4. Nxd4 Nf6 5. Nc3 e6 6. g4 Be7 7. g5 Nfd7 8. Rg1
a6 9. Bh3 Ne5 10. f4 Ng6 11. f5 exf5 12. Bxf5 Nc6 13. Nd5 O-O 14. Be3 Nge5 15.
Nxc6 bxc6 16. Bb6 Qe8 17. Nc7 Qd8 18. Nxa8 Qe8 19. Nc7 Qd8 20. Nd5 Qe8 21. Nf6+
Bxf6 22. gxf6 Bxf5 23. fxg7 Ng6 24. gxf8=Q+ Kxf8 25. Qxd6+ Kg8 1-0

[Event "VIII Festival A"]
[Site "Robecchetto con Induno ITA"]
[Date "1996.06.??"]
[Round "6"]
[White "Sgnaolin, Davide"]
[Black "Giordani, Marco"]
[Result "1/2-1/2"]
[WhiteElo "1931"]
[BlackElo "1947"]
[PlyCount "82"]
[EventDate "1996.06.24"]

1. e4 Nf6 2. Nc3 d5 3. e5 d4 4. exf6 dxc3 5. fxg7 cxd2+ 6. Qxd2 Qxd2+ 7. Bxd2
Bxg7 8. O-O-O Be6 9. Ne2 Nc6 10. Bc3 O-O 11. Bxg7 Kxg7 12. Nd4 Nxd4 13. Rxd4
Rfd8 14. Rb4 b6 15. Bd3 Bd5 16. Rh4 h6 17. Re1 e6 18. Re3 Rh8 19. f4 Rae8 20.
g4 c5 21. Rhh3 Kf6 22. Re5 Kg7 23. Rg3 f6 24. Re1 Kf7 25. Rge3 Rhg8 26. h3 Re7
27. a3 Rge8 28. Bb5 Ra8 29. Ba4 a6 30. c3 b5 31. Bd1 Kf8 32. h4 Rae8 33. g5
hxg5 34. hxg5 fxg5 35. fxg5 Kg7 36. Re5 Rd7 37. Bg4 Rd6 38. Kc2 c4 39. Rf1 Rf8
40. Rxf8 Kxf8 41. a4 Kg7 1/2-1/2

[Event "VIII Festival A"]
[Site "Robecchetto con Induno ITA"]
[Date "1996.06.??"]
[Round "6"]
[White "Tomasini, Giovanni"]
[Black "Delanoy, Arnaud"]
[Result "0-1"]
[WhiteElo "2011"]
[BlackElo "2150"]
[PlyCount "107"]
[EventDate "1996.06.24"]

1. e4 e5 2. f4 exf4 3. Nf3 g5 4. Bc4 Bg7 5. h4 h6 6. d4 d6 7. c3 Nc6 8. Na3 Qe7
9. Qe2 Bg4 10. Bd2 Nf6 11. hxg5 hxg5 12. Rxh8+ Bxh8 13. O-O-O O-O-O 14. Re1 Re8
15. Bd3 Nh5 16. Qd1 Ng3 17. Qa4 Bd7 18. d5 Ne5 19. Qc2 Nxd3+ 20. Qxd3 a6 21.
Nc2 Nxe4 22. Nb4 f5 23. Nd4 Bxd4 24. Qxd4 Kb8 25. c4 Qe5 26. Qg1 Qh8 27. Nd3
Qh4 28. Qd4 Qg3 29. Ba5 Qxg2 30. c5 Nxc5 31. Rxe8+ Bxe8 32. Nxc5 Qf1+ 33. Kd2
dxc5 34. Bxc7+ Kxc7 35. Qe5+ Kb6 36. Qd6+ Kb5 37. b3 Qf2+ 38. Kc3 Qxa2 39. Qe7
Qa1+ 40. Kc2 Qa2+ 41. Kc3 Qa1+ 42. Kc2 Bc6 43. dxc6 Kxc6 44. Qe6+ Kc7 45. Qe7+
Kb6 46. Qd8+ Ka7 47. Qxg5 Qa2+ 48. Kc3 Qa1+ 49. Kc2 Qd4 50. Qxf5 Qe3 51. Kb2 f3
52. Qf8 f2 53. Qf5 Qd2+ 54. Ka3 0-1

[Event "VIII Festival A"]
[Site "Robecchetto con Induno ITA"]
[Date "1996.06.??"]
[Round "7"]
[White "Attorre, Michele"]
[Black "Sgnaolin, Davide"]
[Result "1/2-1/2"]
[WhiteElo "2010"]
[BlackElo "1931"]
[PlyCount "64"]
[EventDate "1996.06.24"]

1. d4 d5 2. Nf3 Nf6 3. Bf4 e6 4. e3 c5 5. c3 Be7 6. Bd3 Nbd7 7. Nbd2 b6 8. O-O
Bb7 9. Re1 Ne4 10. Ne5 Nxe5 11. Bxe5 O-O 12. Qg4 g6 13. Nf3 f5 14. Qh3 Ng5 15.
Qh6 Nxf3+ 16. gxf3 Bf6 17. f4 Bxe5 18. fxe5 a5 19. f4 Ba6 20. Bxa6 Rxa6 21. Re2
Ra7 22. Rg2 Rg7 23. Kf2 Qc7 24. h4 Qe7 25. Rg5 Kf7 26. Rag1 Rfg8 27. h5 c4 28.
Kf3 a4 29. hxg6+ hxg6 30. a3 b5 31. Rh1 Qd8 32. Rh2 Qe7 1/2-1/2

[Event "VIII Festival A"]
[Site "Robecchetto con Induno ITA"]
[Date "1996.06.??"]
[Round "7"]
[White "Carbone, Lorenzo"]
[Black "Barlocco, Carlo"]
[Result "0-1"]
[WhiteElo "1692"]
[BlackElo "2170"]
[PlyCount "66"]
[EventDate "1996.06.24"]

1. e4 c5 2. Nf3 Nc6 3. d4 cxd4 4. Nxd4 Nf6 5. Nc3 d6 6. Be2 e5 7. Nb3 Be7 8.
O-O O-O 9. f4 a5 10. a4 Nb4 11. Be3 exf4 12. Bxf4 Be6 13. Bf3 Nxc2 14. Qxc2
Qb6+ 15. Qf2 Qxf2+ 16. Rxf2 Bxb3 17. Rd2 Rfd8 18. Nb5 d5 19. exd5 Nxd5 20. Bxd5
Rxd5 21. Rxd5 Bxd5 22. Nc7 Rd8 23. Re1 Bc5+ 24. Kh1 Bc6 25. Nb5 Bb4 26. Rc1 h6
27. h3 g5 28. Be5 Rd7 29. Nd4 Bxg2+ 30. Kg1 Bxh3 31. Rc7 b6 32. Nf3 Rd2 33. Bd4
Bg4 0-1

[Event "VIII Festival A"]
[Site "Robecchetto con Induno ITA"]
[Date "1996.06.??"]
[Round "7"]
[White "Delanoy, Arnaud"]
[Black "Belotti, Bruno"]
[Result "1/2-1/2"]
[WhiteElo "2150"]
[BlackElo "2390"]
[PlyCount "70"]
[EventDate "1996.06.24"]

1. e4 c5 2. Nf3 e6 3. d4 cxd4 4. Nxd4 Nf6 5. Nc3 d6 6. Be2 a6 7. O-O Qc7 8. f4
Be7 9. Kh1 O-O 10. Qe1 Nc6 11. Be3 Bd7 12. Qg3 Kh8 13. Rad1 Rac8 14. Bf3 b5 15.
a3 Nxd4 16. Bxd4 Bc6 17. e5 dxe5 18. Bxe5 Qb7 19. Bd6 Rfd8 20. Bxe7 Qxe7 21.
Rxd8+ Qxd8 22. Rd1 Qc7 23. Bxc6 Qxc6 24. Qd3 h6 25. h3 Nh5 26. Qd6 Qxd6 27.
Rxd6 Nxf4 28. Rxa6 Rd8 29. Nxb5 Rd1+ 30. Kh2 Rd2 31. Rc6 Nxg2 32. Nd6 f5 33. b4
Ne1+ 34. Kg1 Nf3+ 35. Kf1 Nh2+ 1/2-1/2

[Event "VIII Festival A"]
[Site "Robecchetto con Induno ITA"]
[Date "1996.06.??"]
[Round "7"]
[White "Giordani, Marco"]
[Black "Marino, Danilo"]
[Result "0-1"]
[WhiteElo "1947"]
[BlackElo "1851"]
[PlyCount "72"]
[EventDate "1996.06.24"]

1. e4 c5 2. Nf3 d6 3. d4 cxd4 4. Nxd4 Nf6 5. Nc3 g6 6. f3 Bg7 7. Be3 Nc6 8. Qd2
O-O 9. Bc4 Bd7 10. O-O-O Qb8 11. g4 Rc8 12. Bb3 b5 13. Nd5 Nxd5 14. Bxd5 Ne5
15. Bxa8 Nc4 16. Qe2 Qxa8 17. Kb1 Qb8 18. Bc1 Qb6 19. Qd3 a5 20. b3 Ne5 21. Qd2
a4 22. Qb4 axb3 23. cxb3 Nc4 24. Nc2 Be6 25. Na3 Bc3 26. Nxc4 Rxc4 27. Qa3 b4
28. Qa4 Rc7 29. Qe8+ Kg7 30. h4 Rc8 31. Qxe7 Qf2 32. Qxd6 Ra8 33. Rh2 Qxf3 34.
h5 Qxe4+ 35. Rd3 Be5 36. h6+ Kg8 0-1

[Event "VIII Festival A"]
[Site "Robecchetto con Induno ITA"]
[Date "1996.06.??"]
[Round "7"]
[White "Griffa, Roberto"]
[Black "Giretti Kanev, Jasen"]
[Result "1/2-1/2"]
[WhiteElo "1920"]
[BlackElo "2220"]
[PlyCount "43"]
[EventDate "1996.06.24"]

1. d4 Nf6 2. Nf3 b6 3. Bg5 Bb7 4. Nc3 h6 5. Bxf6 exf6 6. e4 Bb4 7. Bd3 O-O 8.
O-O Re8 9. Nd5 Bf8 10. Nh4 c6 11. Ne3 d6 12. Qg4 Bc8 13. Nef5 Bxf5 14. Nxf5 g6
15. Ne3 Qd7 16. Qg3 Bg7 17. c3 a5 18. Nc4 Ra7 19. Nxd6 Rd8 20. Nc4 b5 21. Ne3
Na6 22. Rad1 1/2-1/2

[Event "VIII Festival A"]
[Site "Robecchetto con Induno ITA"]
[Date "1996.06.??"]
[Round "7"]
[White "Guglielmi, Nicolo'"]
[Black "Cillo, Angelo"]
[Result "1-0"]
[WhiteElo "1770"]
[BlackElo "1794"]
[PlyCount "91"]
[EventDate "1996.06.24"]

1. c4 e6 2. Nc3 f5 3. g3 Nf6 4. Bg2 c6 5. d4 d5 6. Nh3 Be7 7. O-O O-O 8. b3 Ne4
9. Qc2 Bf6 10. Bb2 Qe8 11. e3 Nd7 12. Ba3 Rf7 13. Rad1 Nb6 14. f3 Nxc3 15. Qxc3
Bd7 16. e4 fxe4 17. fxe4 e5 18. exd5 exd4 19. Qd3 cxd5 20. Rde1 Qc8 21. Nf4
dxc4 22. bxc4 Bf5 23. Qb3 d3 24. Rd1 Bd4+ 25. Kh1 Rc7 26. c5+ Kh8 27. cxb6 axb6
28. Bb4 Rc2 29. a3 g5 30. Qd5 Bb2 31. Nxd3 Rxg2 32. Nxb2 Qc2 33. Rxf5 Rxh2+ 34.
Kg1 Qxb2 35. Qe5+ Qxe5 36. Rxe5 Rc2 37. Re7 Rac8 38. Rxb7 R8c7 39. Rxb6 Re2 40.
Rbd6 Re3 41. Kf2 Rb3 42. Rd8+ Kg7 43. R1d7+ Rxd7 44. Rxd7+ Kg6 45. g4 h5 46.
Rd6+ 1-0

[Event "VIII Festival A"]
[Site "Robecchetto con Induno ITA"]
[Date "1996.06.??"]
[Round "7"]
[White "Larghi, Riccardo"]
[Black "Aglietti, Graziano"]
[Result "1/2-1/2"]
[WhiteElo "1740"]
[BlackElo "1755"]
[PlyCount "54"]
[EventDate "1996.06.24"]

1. e4 c5 2. Nf3 Nc6 3. d4 cxd4 4. Nxd4 g6 5. c4 Bg7 6. Be3 Nf6 7. Nc3 d6 8. Be2
a6 9. O-O O-O 10. Rc1 Rb8 11. b3 Bd7 12. Qd2 Nxd4 13. Bxd4 b5 14. f3 Qa5 15.
Rfd1 bxc4 16. Bxc4 Bb5 17. Nd5 Qd8 18. Nxf6+ exf6 19. Be3 Re8 20. Qxd6 Qxd6 21.
Rxd6 f5 22. Bd5 Bf8 23. Rb6 Rbd8 24. Bf2 Rd7 25. g3 Ba3 26. Rc3 Bb4 27. Rc1 Ba3
1/2-1/2

[Event "VIII Festival A"]
[Site "Robecchetto con Induno ITA"]
[Date "1996.06.??"]
[Round "7"]
[White "Loda', Domenico"]
[Black "La Torre, Giovanni"]
[Result "0-1"]
[WhiteElo "1632"]
[BlackElo "1854"]
[PlyCount "78"]
[EventDate "1996.06.24"]

1. e4 Nc6 2. d4 d5 3. e5 Bf5 4. c3 e6 5. Bd3 Bxd3 6. Qxd3 f6 7. exf6 Nxf6 8.
Nf3 Bd6 9. g3 Qd7 10. h3 O-O-O 11. Be3 Rde8 12. Nbd2 Kb8 13. O-O-O Rhf8 14. Ne1
e5 15. dxe5 Nxe5 16. Qc2 Qb5 17. Nb3 Nc4 18. Ng2 Nxe3 19. Nxe3 Bxg3 20. Nxd5
Nxd5 21. c4 Rxf2 22. Qxf2 Qxc4+ 23. Qc2 Qxc2+ 24. Kxc2 Ne3+ 25. Kb1 Nxd1 26.
Rxd1 Re1 27. Rxe1 Bxe1 28. Nd4 Bh4 29. Ne6 Bf6 30. b3 Kc8 31. Kc2 h6 32. Kd3
Kd7 33. Nc5+ Kc6 34. Ne4 Kd5 35. Nd2 c5 36. a4 a6 37. a5 Bd8 38. Nc4 Kc6 39.
Ke4 Bf6 0-1

[Event "VIII Festival A"]
[Site "Robecchetto con Induno ITA"]
[Date "1996.06.??"]
[Round "7"]
[White "Montaruli, Roberto"]
[Black "Amarilli, Francesco"]
[Result "1-0"]
[WhiteElo "1612"]
[BlackElo "1890"]
[PlyCount "35"]
[EventDate "1996.06.24"]

1. d4 d5 2. Nc3 e6 3. e4 Bb4 4. e5 c5 5. a3 Bxc3+ 6. bxc3 Qc7 7. Nf3 Ne7 8. a4
b6 9. Ba3 cxd4 10. Bb5+ Bd7 11. Bxd7+ Nxd7 12. Qxd4 Nf5 13. Qb4 Rc8 14. O-O
Qxc3 15. Qg4 Qc4 16. Qg5 h6 17. Qd2 Qxc2 18. Rfc1 1-0

[Event "VIII Festival A"]
[Site "Robecchetto con Induno ITA"]
[Date "1996.06.??"]
[Round "7"]
[White "Mrdja, Milan"]
[Black "Vujovic, Milorad"]
[Result "1-0"]
[WhiteElo "2450"]
[BlackElo "2345"]
[PlyCount "66"]
[EventDate "1996.06.24"]

1. e4 c5 2. Nf3 d6 3. d4 cxd4 4. Nxd4 Nf6 5. Nc3 a6 6. Bc4 e6 7. Bb3 Nbd7 8.
O-O Nc5 9. Re1 Be7 10. f4 Nxb3 11. axb3 O-O 12. Kh1 Re8 13. e5 dxe5 14. fxe5
Bc5 15. Be3 Nd7 16. Ne4 Be7 17. Nf3 b5 18. Bg5 f6 19. exf6 gxf6 20. Bh6 Ne5 21.
Qe2 Ng6 22. Rad1 Qc7 23. h4 Kh8 24. Qe3 Bb7 25. h5 Nf8 26. Nd4 Qe5 27. Ng3 Bd6
28. Rd3 Qxe3 29. Rexe3 Be5 30. c3 Bc7 31. Nge2 Nd7 32. Nf3 Ne5 33. Nxe5 fxe5
1-0

[Event "VIII Festival A"]
[Site "Robecchetto con Induno ITA"]
[Date "1996.06.??"]
[Round "7"]
[White "Nurkic, Sahbaz"]
[Black "Loncar, Robert"]
[Result "0-1"]
[WhiteElo "2365"]
[BlackElo "2455"]
[PlyCount "58"]
[EventDate "1996.06.24"]

1. e4 c5 2. c3 d6 3. d4 Nf6 4. Bd3 Nc6 5. Nf3 e5 6. dxe5 dxe5 7. O-O Be7 8. h3
O-O 9. Qe2 Qc7 10. Nbd2 h6 11. Re1 a6 12. a4 Na5 13. Rb1 Bd7 14. b3 Rad8 15.
Nf1 Be6 16. c4 Nh5 17. g4 Nf4 18. Bxf4 exf4 19. e5 Nc6 20. Qe4 g6 21. Rbd1 Nd4
22. Qxf4 Nxf3+ 23. Qxf3 Rd4 24. Ne3 Rfd8 25. Nd5 R8xd5 26. cxd5 Bxd5 27. Be4
Be6 28. Rxd4 cxd4 29. Bd5 Qa5 0-1

[Event "VIII Festival A"]
[Site "Robecchetto con Induno ITA"]
[Date "1996.06.??"]
[Round "7"]
[White "Pernisco, Ermanno"]
[Black "Scavo, Fernando"]
[Result "1/2-1/2"]
[WhiteElo "2092"]
[BlackElo "2150"]
[PlyCount "40"]
[EventDate "1996.06.24"]

1. d4 Nf6 2. c4 e6 3. Nc3 d5 4. Nf3 Be7 5. Bg5 Nbd7 6. e3 O-O 7. Qc2 c5 8. cxd5
exd5 9. Be2 b6 10. O-O Bb7 11. dxc5 Nxc5 12. Rfd1 Rc8 13. Nd2 Nfe4 14. Ndxe4
Nxe4 15. Bxe7 Qxe7 16. Qb3 Nxc3 17. bxc3 Rfd8 18. Rd4 Qc5 19. Rc1 h6 20. h3 Qa5
1/2-1/2

[Event "VIII Festival A"]
[Site "Robecchetto con Induno ITA"]
[Date "1996.06.??"]
[Round "7"]
[White "Quagliarella, Sabino Remo"]
[Black "Larsen, Bo"]
[Result "1-0"]
[WhiteElo "1730"]
[BlackElo "1979"]
[PlyCount "65"]
[EventDate "1996.06.24"]

1. Nf3 d6 2. g3 f5 3. d4 Nf6 4. Bg2 g6 5. O-O Bg7 6. c4 O-O 7. Nc3 Nc6 8. d5
Ne5 9. Nxe5 dxe5 10. e4 f4 11. Bf3 Bh3 12. Re1 g5 13. gxf4 exf4 14. e5 Nd7 15.
Bg4 Bxg4 16. Qxg4 h6 17. h4 Nxe5 18. Rxe5 Bxe5 19. Qe6+ Rf7 20. Qxe5 Qf8 21.
Kh2 Rf5 22. Qe6+ Kg7 23. Bd2 Rf6 24. Qe5 Qf7 25. Ne4 Qh5 26. Qxe7+ Rf7 27. Bc3+
Kg8 28. Nf6+ Rxf6 29. Qxf6 Qxh4+ 30. Kg1 Qg4+ 31. Kf1 Qh3+ 32. Ke2 Re8+ 33. Kd2
1-0

[Event "VIII Festival A"]
[Site "Robecchetto con Induno ITA"]
[Date "1996.06.??"]
[Round "7"]
[White "Ranieri, Fabrizio"]
[Black "Gandolfo, Marco"]
[Result "1-0"]
[WhiteElo "1924"]
[BlackElo "1961"]
[PlyCount "131"]
[EventDate "1996.06.24"]

1. e4 g6 2. d4 c6 3. Nf3 d5 4. e5 Bg7 5. Be2 Na6 6. O-O Nc7 7. c3 Nh6 8. Bg5 f6
9. exf6 exf6 10. Bf4 O-O 11. h3 Re8 12. Re1 Be6 13. Nbd2 Qd7 14. Nf1 Nf7 15.
Bd3 Nd6 16. Ng3 Bf7 17. Qc2 Rxe1+ 18. Rxe1 Bf8 19. h4 Re8 20. h5 Rxe1+ 21. Nxe1
Qg4 22. Bc1 Kg7 23. hxg6 hxg6 24. Nf3 Qe6 25. Nh4 Qg4 26. Nf3 Qe6 27. Nh4 Qe1+
28. Kh2 Ne4 29. Nf3 Qxf2 30. Bxe4 Qxc2 31. Bxc2 Bd6 32. Bd2 Ne6 33. Be1 Nf4 34.
Kg1 Ne6 35. Nh4 Bf4 36. Ne2 Be3+ 37. Bf2 Bd2 38. Nf3 Bh6 39. Kf1 Kf8 40. Be1
Ke7 41. Bd2 Bg7 42. Nf4 g5 43. Nxe6 Bxe6 44. Nh2 Kf7 45. g4 Ke7 46. Kg2 Bf8 47.
Kf3 Kd8 48. Bf5 Bf7 49. Nf1 Be7 50. Ng3 Kc7 51. Nh5 Kd8 52. Be1 Kc7 53. Bg3+
Kb6 54. Ng7 a6 55. Bc8 Bg6 56. Nf5 Bd8 57. Bb8 Bh7 58. Bd6 Bg6 59. Be7 Bc7 60.
Bxf6 Bf4 61. Ne3 Be4+ 62. Kf2 Kc7 63. Bf5 Bh1 64. Be5+ Kd8 65. Bxf4 gxf4 66.
Ng2 1-0

[Event "VIII Festival A"]
[Site "Robecchetto con Induno ITA"]
[Date "1996.06.??"]
[Round "7"]
[White "Tomasini, Giovanni"]
[Black "Schreiber, Edwin"]
[Result "0-1"]
[WhiteElo "2011"]
[BlackElo "1934"]
[PlyCount "54"]
[EventDate "1996.06.24"]

1. e4 c5 2. Nf3 Nc6 3. d4 cxd4 4. c3 dxc3 5. Nxc3 e6 6. Bb5 Qc7 7. O-O Nf6 8.
Qe2 Ng4 9. Bxc6 bxc6 10. e5 a5 11. Qe4 f5 12. exf6 Nxf6 13. Qh4 Be7 14. Bf4 d6
15. Rad1 e5 16. Bg5 Rb8 17. Bxf6 Bxf6 18. Qc4 Rb4 19. Qd3 d5 20. Rfe1 O-O 21.
Qc2 Qb8 22. a3 Rxb2 23. Qa4 Qb6 24. Re2 e4 25. Nd4 Bg4 26. Nxc6 Bxe2 27. Nxd5
Qxf2+ 0-1

[Event "VIII Festival A"]
[Site "Robecchetto con Induno ITA"]
[Date "1996.06.??"]
[Round "7"]
[White "Tortarolo, Massimiliano"]
[Black "Mantovani, Renzo"]
[Result "0-1"]
[WhiteElo "2235"]
[BlackElo "2365"]
[PlyCount "88"]
[EventDate "1996.06.24"]

1. e4 c5 2. Nf3 d6 3. d4 cxd4 4. Nxd4 Nf6 5. Nc3 a6 6. Be2 e5 7. Nb3 Be7 8. a4
O-O 9. Be3 b6 10. O-O Bb7 11. Bf3 Nbd7 12. Qd2 Qc7 13. Rfd1 Rfc8 14. Qe1 Bc6
15. Rd2 Qb7 16. Bg5 h6 17. Bxf6 Nxf6 18. Qe2 Rc7 19. Re1 Rac8 20. Qd1 g6 21. h3
h5 22. Qe2 Kg7 23. Qd1 Bd7 24. Rxd6 Bxd6 25. Qxd6 Re8 26. Nc1 Bc6 27. Nd3 Rd7
28. Qa3 Rd4 29. Nb4 Qe7 30. Nxc6 Qxa3 31. bxa3 Rc4 32. Nb4 Rxc3 33. Nxa6 Rxc2
34. Rb1 Re6 35. Rb5 g5 36. g3 Rc3 37. Bg2 Rxa3 38. Nc7 Rc6 39. Nd5 Nxd5 40.
exd5 Ra1+ 41. Kh2 Rf6 42. d6 Rxd6 43. Rxe5 f6 44. Rf5 Rxa4 0-1

[Event "C.to Italiano U15"]
[Site "Roma ITA"]
[Date "1996.07.??"]
[Round "1"]
[White "Mogranzini, Roberto"]
[Black "Thaler, Bernhard"]
[Result "1/2-1/2"]
[WhiteElo "1834"]
[BlackElo "1585"]
[PlyCount "58"]
[EventDate "1996.07.04"]

1. e4 e5 2. Nf3 Nc6 3. d4 exd4 4. Bc4 Bb4+ 5. c3 dxc3 6. Nxc3 Bxc3+ 7. bxc3 Nf6
8. Bg5 h6 9. Bh4 g5 10. Bg3 Nxe4 11. Bxf7+ Kxf7 12. Qd5+ Kg7 13. Qxe4 Re8 14.
Ne5 Qf6 15. O-O Nxe5 16. f4 d5 17. Qxe5 Rxe5 18. fxe5 Qb6+ 19. Bf2 Qc6 20. Rad1
Be6 21. h4 Qxc3 22. Rc1 Qxe5 23. Rfd1 Qd6 24. Bd4+ Kf7 25. Rf1+ Ke7 26. Bc5 d4
27. Bxd6+ Kxd6 28. Rf6 c5 29. hxg5 hxg5 1/2-1/2

[Event "C.to Italiano U15"]
[Site "Roma ITA"]
[Date "1996.07.??"]
[Round "5"]
[White "Mazzilli, Piero"]
[Black "Mogranzini, Roberto"]
[Result "1/2-1/2"]
[WhiteElo "1768"]
[BlackElo "1834"]
[PlyCount "84"]
[EventDate "1996.07.04"]

1. e4 c5 2. d4 cxd4 3. c3 Nf6 4. e5 Nd5 5. cxd4 Nc6 6. Nf3 d6 7. Nc3 Nxc3 8.
bxc3 dxe5 9. Nxe5 Nxe5 10. dxe5 Qxd1+ 11. Kxd1 Bd7 12. Rb1 Bc6 13. Bb5 Bxb5 14.
Rxb5 b6 15. Be3 e6 16. a4 Rd8+ 17. Ke1 Rd5 18. Ke2 Kd7 19. c4 Rxb5 20. axb5 Kc7
21. Ra1 Kb7 22. Rd1 Kc7 23. f4 Be7 24. g4 h5 25. g5 Rd8 26. Rxd8 Bxd8 27. Bd4
Be7 28. Kd3 g6 29. Kc2 Kb7 30. Kb3 Kc7 31. h3 Kb8 32. Be3 Bc5 33. Bxc5 bxc5 34.
Ka4 Kb7 35. h4 Kb6 36. Ka3 Ka5 37. Kb3 a6 38. bxa6 Kxa6 39. Ka4 Kb6 40. Kb3 Ka5
41. Ka3 Kb6 42. Ka4 Ka6 1/2-1/2

[Event "C.to Italiano U15"]
[Site "Roma ITA"]
[Date "1996.07.??"]
[Round "6"]
[White "Mogranzini, Roberto"]
[Black "Luperini, Alessio"]
[Result "1-0"]
[WhiteElo "1834"]
[BlackElo "1612"]
[PlyCount "55"]
[EventDate "1996.07.04"]

1. e4 c5 2. Nf3 d6 3. d4 cxd4 4. Nxd4 Nf6 5. Nc3 g6 6. Be3 Bg7 7. f3 O-O 8. Qd2
Nc6 9. Bc4 a6 10. a3 Bd7 11. g4 Rc8 12. Ba2 Ne5 13. O-O-O Nc4 14. Bxc4 Rxc4 15.
h4 h5 16. gxh5 Nxh5 17. Rhg1 Qa5 18. Rg5 Qc7 19. Nd5 Qd8 20. Rdg1 e5 21. Ne2
Be6 22. Rxh5 Bxd5 23. Qxd5 Rxc2+ 24. Kxc2 Qc7+ 25. Kb1 gxh5 26. Bh6 Rc8 27.
Rxg7+ Kh8 28. Qxf7 1-0

[Event "C.to Italiano U15"]
[Site "Roma ITA"]
[Date "1996.07.??"]
[Round "7"]
[White "Delfino, Luigi"]
[Black "Mogranzini, Roberto"]
[Result "1/2-1/2"]
[WhiteElo "1567"]
[BlackElo "1834"]
[PlyCount "48"]
[EventDate "1996.07.04"]

1. e4 c5 2. Nc3 d6 3. f4 e6 4. Nf3 a6 5. d4 cxd4 6. Nxd4 Qc7 7. a4 Nf6 8. Be3
b6 9. Be2 Be7 10. Qd2 Bb7 11. Bf3 Nbd7 12. O-O O-O 13. Bf2 Rfd8 14. Rad1 Nc5
15. Rfe1 e5 16. Nf5 g6 17. Nxe7+ Qxe7 18. b4 Ne6 19. Bxb6 Rdc8 20. fxe5 dxe5
21. Nd5 Nxd5 22. exd5 Qd6 23. dxe6 Qxb6+ 24. Kf1 fxe6 1/2-1/2

[Event "III Open"]
[Site "Ischia ITA"]
[Date "1996.06.??"]
[Round "?"]
[White "Kogan, Artur"]
[Black "Levitt, Jonathan Paul"]
[Result "1-0"]
[WhiteElo "2485"]
[BlackElo "2435"]
[PlyCount "77"]
[EventDate "1996.06.08"]

1. Nf3 d5 2. d4 Nf6 3. c4 c6 4. e3 a6 5. Nc3 b5 6. cxd5 cxd5 7. Ne5 e6 8. Be2
Be7 9. Bd2 O-O 10. Rc1 Nfd7 11. Nd3 Bb7 12. O-O Nc6 13. Bf3 Qb6 14. b4 Nxb4 15.
Nxb4 Bxb4 16. Nxd5 Bxd5 17. Bxb4 Bxf3 18. Qxf3 Rfc8 19. Rc3 a5 20. Rfc1 Qa6 21.
Bxa5 Rxc3 22. Bxc3 Rc8 23. Qe2 Rc4 24. Qd2 h6 25. f3 Nb6 26. e4 Qa3 27. Qb2
Qxb2 28. Bxb2 Na4 29. Rxc4 bxc4 30. Ba3 Nc3 31. Kf2 f5 32. Ke3 fxe4 33. fxe4
Kf7 34. Bc5 h5 35. a3 Ke8 36. Bb4 Na4 37. d5 exd5 38. exd5 Kd7 39. Kd4 1-0

[Event "III Open"]
[Site "Ischia ITA"]
[Date "1996.06.??"]
[Round "?"]
[White "Pegoraro, Giorgio"]
[Black "Henderson, John B."]
[Result "0-1"]
[WhiteElo "2185"]
[BlackElo "2170"]
[PlyCount "52"]
[EventDate "1996.06.08"]

1. e4 Nf6 2. e5 Nd5 3. d4 d6 4. c4 Nb6 5. f4 dxe5 6. fxe5 Nc6 7. Be3 Bf5 8. Nc3
e6 9. Nf3 Be7 10. d5 exd5 11. cxd5 Nb4 12. Nd4 Bd7 13. Qf3 c5 14. dxc6 bxc6 15.
e6 fxe6 16. O-O-O N6d5 17. a3 Nxc3 18. Nxe6 Nca2+ 19. Kb1 Bxe6 20. Rxd8+ Rxd8
21. axb4 Nxb4 22. Be2 Rf8 23. Qh5+ g6 24. Qe5 Bf5+ 25. Ka1 Rd5 26. Qb8+ Kf7 0-1

[Event "III Torneo Internazionale"]
[Site "Ischia ITA"]
[Date "1996.06.07"]
[Round "1"]
[White "Godena, Michele"]
[Black "Hodgson, Julian M."]
[Result "1/2-1/2"]
[WhiteElo "2485"]
[BlackElo "2615"]
[PlyCount "68"]
[EventDate "1996.06.07"]

1. e4 d6 2. d4 Nf6 3. Nc3 g6 4. g3 Na6 5. Bg2 Bg7 6. Nge2 c5 7. O-O O-O 8. e5
Ne8 9. exd6 Nxd6 10. dxc5 Nxc5 11. Be3 Ne6 12. Qc1 Nf5 13. Rd1 Qa5 14. Nd5 Nxe3
15. Nxe7+ Kh8 16. Qxe3 Re8 17. Nxc8 Raxc8 18. Qd2 Qxd2 19. Rxd2 Bxb2 20. Rb1
Bf6 21. Rxb7 Rcd8 22. Rbd7 Kg7 23. Rxd8 Bxd8 24. Bc6 Re7 25. Rd7 Rxd7 26. Bxd7
Nc5 27. Bc6 f5 28. f4 Kf6 29. Bd5 h6 30. h4 g5 31. hxg5+ hxg5 32. fxg5+ Kxg5
33. Kg2 Bf6 34. Kf3 Be5 1/2-1/2

[Event "III Torneo Internazionale"]
[Site "Ischia ITA"]
[Date "1996.06.08"]
[Round "2"]
[White "Gofshtein, Leonid D."]
[Black "Khenkin, Igor"]
[Result "1/2-1/2"]
[WhiteElo "2540"]
[BlackElo "2575"]
[PlyCount "72"]
[EventDate "1996.06.07"]

1. e4 c6 2. c4 d5 3. exd5 Nf6 4. Nc3 cxd5 5. cxd5 Nxd5 6. Nf3 Nxc3 7. bxc3 g6
8. Bc4 Bg7 9. Ng5 O-O 10. Qf3 e6 11. d4 Nc6 12. O-O Bd7 13. Rb1 Rc8 14. Bd3 Na5
15. Qh3 h6 16. Ne4 e5 17. Qg3 exd4 18. cxd4 Bf5 19. Rb5 Bxe4 20. Bxe4 Qxd4 21.
Bxb7 Rc3 22. Be3 Qa4 23. Rbb1 Nxb7 24. Rxb7 a5 25. h4 Qxa2 26. h5 Qd5 27. Rfb1
Qxh5 28. R7b5 Qe2 29. Rxa5 Bd4 30. Rb8 Rxe3 31. Rxf8+ Kxf8 32. fxe3 Qxe3+ 33.
Qxe3 Bxe3+ 34. Kf1 Kg7 35. Ke2 Bd4 36. g4 Bf6 1/2-1/2